Biggest Cities in Espírito Santo - Statistics

General Stats
  • This quiz has been taken 103 times
  • The average score is 11 of 20
Answers on the Map
Answers color-coded by a green-red scale on the quiz's map according to % correct below.
 
Answer Stats
Population City % Correct
365,860 Vitória
98%
498,890 Vila Velha
94%
523,610 Serra
87%
371,700 Cariacica
85%
120,980 Guarapari
85%
152,010 Linhares
74%
192,510 Cachoeiro de Itapemirim
66%
108,620 Colatina
63%
102,850 São Mateus
63%
72,930 Viana
55%
33,780 Nova Venécia
47%
90,020 Aracruz
42%
31,450 Marataízes
40%
24,820 Conceição da Barra
34%
23,700 Castelo
29%
24,450 Pedro Canário
26%
29,410 São Gabriel da Palha
26%
24,100 Baixo Guandu
24%
29,160 Barra de São Francisco
21%
25,030 Guaçuí
16%
No matching quizzes found
Score Distribution
Percent of People with Each Score
Percentile by Number Answered
Your Score History
You have not taken this quiz